000
00213 a2200097 4500
001
45264
100
_a
Taylor & Parmer
245
_a
Ground studies for pilots
260
_a
Lon
_b
Collins
_c
090
_c
28451
_d
28451
942
_a
NUST-CAE
_c
M
_c
20504
999
_c
280337
_d
280337